Datum a čas kvízu
24.5
Celkem bodů
Celkový počet nahraných bodů na tomto kvízu bez doplňovacích otázek.
13.
Pořadí na kvízu
Konečné umístění týmu na tomto kvízu.
Zaznamenané odpovědi
| # | Otázka | Odpověď | Body | Výsledky |
|---|---|---|---|---|
| 1. | Jak se jmenuje politik, který... | Marian Jurečka | 1 | |
| 2. | Saúdskoarabský korunní princ M... | Jeff Bezos | 1 | |
| 3. | 71letý zpěvák Ozzy Osbourne oz... | Parkinsonova choroba | 1 | |
| 4. | Aféra s předraženou zakázkou n... | hackathon | 1 | |
| 5. | Renata Zachová se stala první... | judo | 0 | |
| 6. | Jelikož se o ostrovech zmiňuje... | D | 1 | |
| 7. | Jak se nazývá ostrov, na němž... | Borneo | 0 | |
| 8. | Obcí, částí obcí či měst s náz... | Ostrov nad Ohří | 1 | |
| 9. | Ostrovid je druhové jméno jist... | rys | 1 | |
| 10. | Jak se jmenoval německý patolo... | Paul Langerhans | 0 |